000 01005nam a22002417a 4500
005 20240530110340.0
008 141102s2011 le jgr 000 0dara d
040 _aEG-CaGPL
082 0 4 _221
_a384.5532\
_bم ب
100 0 _aمصطفى مجاهدى
245 1 _aبرامج التليفزيون الفضائى وتأثيرها فى الجمهور :
_bشباب مدينة وهران نموذجا /
_cمصطفى مجاهدى
260 _aبيروت :
_bمركز دراسات الوحدة العربية ،
_c2011
300 _a191 ص ؛
_c24 سم
490 _aسلسلة اطروحات الدكتوراه ؛
_v94
650 0 4 _aالتليفزيون
650 0 4 _aبرامج التليفزيون
650 0 4 _aالتليفزيون
_xالرقابة
650 0 4 _aمحطات التليفزيون
650 0 4 _aالتليفزيون والشباب
650 0 4 _aالتليفزيون والاطفال
942 _2ddc
_cBK
999 _c59863
_d59863